I told you things - Gracie Abrams - Statistiken

Allgemein
  • Dieses Quiz wurde 50 mal gespielt
  • Das Durchschnittsergebnis liegt bei 181 aus 261
Antwortstatistiken
Antwort % Korrekt
I
100%
you
100%
You
100%
a
97%
A
97%
things
97%
to
97%
To
97%
told
97%
that
93%
that?
93%
and
90%
And
90%
go
90%
Never
90%
said
90%
golden
86%
regret
86%
Regret
86%
the
86%
The
86%
worst
86%
your
86%
boy
83%
in
83%
my
83%
You're
83%
you're
83%
it
79%
it,
79%
more
79%
on
79%
Took
79%
Were
79%
were
79%
we're
79%
All
76%
all
76%
at
76%
just
76%
what?
76%
what
76%
Lost
72%
Do
69%
Hey,
69%
once
69%
pain,
69%
pain
69%
pain)
69%
them
69%
Yesterday
69%
anybody
66%
as
66%
As
66%
call
66%
call?
66%
color
66%
if
66%
insane
66%
leaving
66%
Played
66%
safe
66%
So
66%
wait,
66%
But
62%
but
62%
cage
62%
face,
62%
guess
62%
guilt,
62%
than
62%
this
62%
black
59%
By
59%
ceiling
59%
Cut
59%
Don't
59%
(Don't
59%
else,
59%
feeling
59%
know
59%
Limit
59%
of
59%
sad?
59%
sad
59%
say
59%
Stopped
59%
'til
59%
'Til
59%
writing
59%
bar
55%
built
55%
cost
55%
for
55%
Hallucination,
55%
I'm
55%
let
55%
local
55%
Not
55%
now
55%
okay
55%
practice
55%
shame,
55%
Stay,
55%
straight
55%
strange
55%
walking
55%
walls?
55%
changed
52%
drunken
52%
fade
52%
Fade
52%
girls,
52%
Instead
52%
nevermind,
52%
pieces
52%
poems
52%
they
52%
year,
52%
back
48%
enough
48%
get
48%
guys
48%
it's
48%
Like
48%
out
48%
plus
48%
recognized
48%
tell
48%
you've
48%
am
45%
cigarettes
45%
city
45%
claw
45%
fantasies
45%
hands,
45%
home,
45%
hundred
45%
mean
45%
or
45%
reaching?
45%
throw
45%
away
41%
been?
41%
freak
41%
how's
41%
I've
41%
much,
41%
Pack
41%
Composed
38%
games
38%
I'll
38%
little
38%
starlet
38%
turned
38%
ways
38%
yellow
38%
Fake
34%
give
34%
glow
34%
up
34%
good
31%
fearing
28%
few?
28%
(mm)
24%
(Ah)
14%
Keine übereinstimmenden Quizze gefunden
Verteilung der Resultate
Anzahl Personen mit jedem Resultat
Perzentil nach korrekt beantworteten Fragen
Ihre Resultats-Entwicklung
Sie haben dieses Quiz noch nicht gespielt